000 00460nam a22001217a 4500
082 _a823
_bNAM/A
100 _aNAMJOSHI, SUNITHI
245 _aADITI AND THE THAME DRAGON
260 _aCHENNAI
_bTULIKA PUBLISHERS
_c2005
300 _a71
520 _aThe postal parrot brings a cryptic letter with a British stamp addressed to 'Aditi and Friends' — an urgent plea for help. The four friends rush to London, and find themselves on prime time news!
942 _cBK
999 _c6279
_d6279